Quizzes
Events
Quiz Creation
Community
Videos
Private Events
Remove Ads
Sign In
Join for FREE
Feedback
Dark Mode
Quiz Categories
Sports
Geography
Music
Movies
Television
Just For Fun
Miscellaneous
History
Literature
Language
Science
Gaming
Entertainment
Religion
Holiday
For Kids
Quiz Lab
Recent
Popular Today
Quiz Kudos Today
Editor Picks
Curator Picks
Quizzes by...
Day
Popularity
Type
Ratings
Length
Year
Community
Subscriptions
Recent Discussions
Orange Saloon
Badges
Playlists
Quests
Create
Leaderboards
Showdown
Live 5
Trivia Bingo
Activity
Puzzle Library
Sporcle Events
Private Events
Virtual Trivia
Globe League
Become a Host
Pub Owners
SporcleCon
Opinionation
Our Games
Videos
Blog
Mobile Apps
Partnerships
Remove Ads and Go Orange
Feedback
Sports
Athletes
MLB
NBA
NHL
NFL
Soccer
Sports Teams
WWE
NCAA
Football
Premier League
Basketball
Baseball
Hockey
Golf
Tennis
Cricket
Rugby
Auto Racing
Olympics
World Cup
Sports
Athletes
MLB
NBA
NHL
NFL
Soccer
Sports Teams
WWE
NCAA
Football
Premier League
Basketball
Baseball
Hockey
Golf
Tennis
Cricket
Rugby
Auto Racing
Olympics
World Cup
Random Quiz
Search Sporcle
×
Quiz Lab
Quiz Lab
Sports
Philadelphia
Type in answers that appear in a list
Type in answers that appear in a list
Classic
Best Score? Go Orange.
Philadelphia Flyers all-time defensemen Stats
Can you name the Philadelphia Flyers all-time defensemen?
By
Skin515
15m
164 Questions
562 Plays
562 Plays
562 Plays
Comments
Comments
Give Quiz Kudos
Give Quiz Kudos
-
- Ratings
hide this ad
Replay
Link that replays current quiz
Next Quiz
Link to next quiz in quiz playlist
You Got
0%
They Got
Avg Score
49%
Avg Friend Score
Upgrade to see
Score Distribution
Jump to the score distribution portion of the page
Score
0/164
Timer
15:00
0
Plays Today
% Correct
Mark Howe
93.2%
Eric Desjardins
92.2%
Chris Pronger
91.3%
Kimmo Timonen
89.3%
Jussi Timonen
88.6%
Chris Therien
86.1%
Joe Watson
84.5%
Jimmy Watson
84.5%
Braydon Coburn
83.8%
Barry Ashbee
82%
Matt Carle
81%
Andre Dupont
79.9%
Brad McCrimmon
79.4%
Kjell Samuelsson
78.5%
Ulf Samuelsson
78.3%
Brad Marsh
78.1%
Doug Crossman
77.2%
Paul Coffey
77.2%
Behn Wilson
76.3%
Derian Hatcher
76.3%
Tom Bladon
74.9%
Garry Galley
74.7%
Kim Johnsson
73.8%
Ryan McGill
73.5%
Randy Jones
73.3%
Dan McGillis
73.1%
Terry Carkner
72.8%
Joni Pitkanen
72.1%
Bob Dailey
71.5%
Petr Svoboda
71.4%
J.J. Daigneault
71.4%
Steve Duchesne
71.2%
Ryan Parent
70.3%
Janne Niinimaa
70.1%
Ed Van Impe
69.8%
Gord Murphy
69.4%
Kerry Huffman
68.9%
Karl Dykhuis
68.7%
Dmitry Yushkevich
68%
Yves Racine
67.6%
Luke Richardson
67.3%
Larry Goodenough
66.9%
Jason Smith
65.8%
Steve Smith
65.5%
Kevin Haller
65.3%
Adam Burt
65.1%
Jay Wells
63.5%
Frank Bathe
63.5%
Mike Rathje
63.2%
Lukas Krajicek
63.2%
Miroslav Dvorak
63%
Glen Cochrane
62.3%
Brian Benning
62.3%
Freddy Meyer
62.3%
Terry Murray
62.3%
% Correct
Frantisek Kucera
62.3%
Thomas Eriksson
61.9%
Darren Rumble
61.9%
Jaroslav Modry
61%
Andy Delmore
60.9%
Oskars Bartulis
59.8%
Marcus Ragnarsson
59.6%
Norm Barnes
58.9%
Michel Petit
58.9%
Jiri Latal
58.7%
Jean Potvin
58.7%
Milos Holan
58.2%
Alexei Zhitnik
58%
Moe Mantha
56.9%
Zarley Zalapski
56.9%
Scott Sandelin
56.8%
Bob Hoffmeyer
56.6%
Mattias Timander
55.7%
Bill Root
55.5%
Vladimir Malakhov
55.5%
Ric Nattress
55.3%
Steve Eminger
55%
Jeff Chychrun
54.6%
Willie Huber
54.6%
Mark Eaton
54.6%
Dave Babych
54.4%
Rob Zettler
54.4%
Rick Lapointe
54.3%
Mike Busniuk
54.3%
Corey Foster
54.3%
Murray Baron
53.9%
Dave Richter
53.9%
Eric Weinrich
53.6%
Greg Hawgood
53.2%
Shawn Cronin
53.2%
Ed Hospodar
53%
Larry Zeidel
52.5%
Nolan Baumgartner
52.5%
Danny Markov
52.3%
Jim Vandermeer
52%
Allan Stanley
51.4%
Daryl Stanley
51.4%
Stewart Malgunas
51.2%
Lasse Kukkonen
51.1%
Larry Brown
51.1%
Bruno St. Jacques
50.7%
Larry Hillman
50.5%
Wayne Hillman
50.5%
Greg Smyth
49.3%
Rob Ramage
48.6%
Alexandre Picard
48.4%
Rick Foley
47.3%
Ole-Kristian Tollefsen
47.3%
Dennis Seidenberg
46.1%
Dick Cherry
45.9%
% Correct
Lars Jonsson
45.2%
Fred Arthur
44.5%
Luca Sbisa
44.5%
Shawn Anderson
44%
Ted Harris
43.8%
Nate Guenin
42%
Chris Joseph
42%
Gordie Roberts
41.6%
Aris Brimanis
41.6%
Ossi Vaananen
38.6%
Wade Skolney
38.3%
Jack McIlhargey
37.7%
Danny Syvret
37.4%
Randy Holt
35.8%
Kevin McCarthy
35.6%
John Stevens
35.4%
Dimitri Tertyshny
34.2%
Dave Fenyves
34.2%
John Miszuk
33.5%
Larry Hale
32.7%
John Slaney
31.9%
Ryan Bast
30.1%
Mike Stothers
29.9%
Brent Hughes
29.5%
Andrew Alberts
29%
Denis Gauthier
24.6%
Jean Gauthier
24%
Roger Pelletier
22.1%
David Printz
21.9%
Jason Bowen
19.8%
Gord Hynes
10.3%
Blake Wesley
6%
Mark Botell
4.8%
Terry Ball
3%
Rory Fitzpatrick
2.7%
Reid Bailey
2.3%
Jeff Finley
2.1%
Dennis Patterson
2%
Michal Sykora
1.8%
Bob Wilkie
1.6%
John Hanna
1.4%
Reg Fleming
1.1%
Brad Tiley
1.1%
Serge Lajeunesse
0.9%
Mark Suzor
0.7%
Jeff Lank
0.7%
Willie Brossart
0.5%
Martin Grenier
0.5%
Shawn Sabol
0.5%
Dwight Carruthers
0.5%
Jamie Fritsch
0.5%
Ralph MacSweyn
0.4%
Jim Mair
0.4%
Darryl Edestrand
0.4%
Quiz Playlist
Details
Report
Send in Message
Add To Playlist
Classic:
Type in answers that appear in a list
Last Updated: Feb 16, 2017
Quiz Scoreboard
CHALLENGE
Sign Up to Join the Scoreboard
Show All
Scores
Hide
Comments
May contain spoilers
Recently Published
9x9 Crossword: Cartoon Network
by jackfrog10
Miscellaneous
3m
College Basketball Coaching Resumes
by pancakes188
Sports
9m
Billboard Blitz: Fleetwood Mac
by CooCooCachoo
Music
15s
More to Explore
Quiz From the Vault
Featured Blog Post
Where Did the Easter Bunny Come From?
hide this ad
You Might Also Like...
Tags
defensemen
Philadelphia
Philadelphia Flyers
Today's Top Quizzes in Sports
Browse Sports
hide this ad
Today's Top Quizzes in Philadelphia
Browse Philadelphia
Top Contributed Quizzes in Sports
1
2022 World Cup Stars
2
Les meilleurs buteurs des matchs entre le PSG et l’OM
3
FIFA Club World Cup Champions
4
Les entraîneurs de l'OM et du PSG au 21e siècle
5
Criteria MLB: Left Handed Sluggers
6
AFC Teams Reveal (Wrong Answers Minefield)
7
2023 MLB Unique Player Accomplishments
8
5-to-1: FBS Animal Nicknames
9
Players with Multiple 50 Home Run Seasons
10
5-to-1: UK Sports Teams
Explore More
Trending Topics
Disney
Kpop
Anime
NBA
Crossword
Marvel
Harry Potter
Song
WWE
The Office
Soccer
NFL
Puzzle
Country
Pokémon
hide this ad
More By:
Skin515
Quiz
Plays
Rating
Category
Featured
Created
70's-80's-90's wrestling managers
732
2.50
Sports
Mar 7, 2010
Philadelphia Flyers goal scorers
624
5.00
Sports
Jul 5, 2010
Philadelphia Flyers all-time defensemen
562
3.33
Sports
May 1, 2010
Famous Guest Stars on Cheers
470
3.00
Television
Sep 10, 2010
Jerseylicious cast
415
5.00
Television
Dec 8, 2010
Go to Creator's Profile
Score Distribution
Quiz Creator Spotlight
Skin515
Follow
Send a Message
Quizzes Created
-
Created Quiz Play Count
-
More By This Creator
Popular Quizzes Today
1
Find the US States - No Outlines Minefield
2
Find the Countries of Europe - No Outlines Minefield
3
The Countries of the World
4
Find the US States
5
Risky Map Clicking: Biggest States A-Z
6
US States
7
Popular People in 1961
8
Movies - When Are They Set?
More Sports Quizzes
3 Sports Threesomes II
Published
Trending Quizzes
Risky Map Clicking: Least Populous States A-Z
1-10 Letter G Words
1-10 Letter F Words
Risky Map Clicking: Next State Alphabetically
Adjectives in 80s TV Shows
Recently Updated
Leaping Animals
pecheneg
Reality TV Shows (A-Z)
bhenderson79
Rickey Henderson's Hall of Fame Teammates
pecheneg
Champions League XIs: Arsenal
pecheneg
Quick Pick: Celebrities in WWE's Hall of Fame
aduchscher
A-Z Keypad Blitz II
pecheneg
Multiple Oscar Actors
pecheneg
Mystery Phrase Blitz: Oscar 'Best Actors'
pecheneg
F. Scott Fitzgerald Novels
LTH
Pick 3 Villains
ddd62291
Trending Topics
Crossword
Disney
NBA
Harry Potter
Marvel
Anime
Kpop
Song
Country
Soccer
The Office
WWE
Puzzle
Pokémon
NFL
Your Account Isn't Verified!
In order to create a playlist on Sporcle, you need to verify the email address you used during registration. Go to your
Sporcle Settings
to finish the process.
Report this User
Report this user for behavior that violates our
Community Guidelines
.
Details:
Send Report
Go to the Sporcle.com Mobile Site →
Comments